Viaje al asombroso mundo de los hongos
Kaydedildi:
| Yazar: | |
|---|---|
| Materyal Türü: | Kitap |
| Dil: | İspanyolca |
| Baskı/Yayın Bilgisi: |
Ciudad de México
Fondo de Cultura Económica
2008
|
| Edisyon: | 1a. ed |
| Seri Bilgileri: | La Ciencia para Todos, 218
|
| Konular: | |
| Etiketler: |
Etiketle
Etiket eklenmemiş, İlk siz ekleyin!
|
MARC
| LEADER | 00000nam a2200000 a 4500 | ||
|---|---|---|---|
| 001 | UCG1501 | ||
| 003 | CL-VaPUC | ||
| 008 | 100506e20080000MX |||||||||||||||||spa|d | ||
| 020 | |a 9789681686079 | ||
| 082 | 0 | 4 | |a 570 |b RUI |2 21 |
| 100 | 0 | |a Ruiz Herrera, José |e author |9 549458 | |
| 245 | 1 | 0 | |a Viaje al asombroso mundo de los hongos |
| 250 | |a 1a. ed | ||
| 300 | |a 190 p | ||
| 942 | |c BK | ||
| 945 | |d 20100506 00:00:00 |a cmena | ||
| 260 | |a Ciudad de México |b Fondo de Cultura Económica |c 2008 | ||
| 650 | 0 | |a Micología |9 326258 | |
| 650 | 0 | |a Biología |9 262022 | |
| 650 | 0 | |a Hongos |9 261629 | |
| 650 | 0 | |a Ecología |9 258124 | |
| 583 | |a last modification |c 20100506 00:00:00 |k Rodrigo Vera | ||
| 490 | 0 | |a La Ciencia para Todos, 218 | |
| 999 | |c 340852 |d 340850 | ||
| 952 | |0 0 |1 0 |4 0 |6 570_000000000000000_RUI_2008 |7 0 |8 C |9 435984 |a BIBCUR |b BIBCUR |d 2019-11-22 |i 4671465 |o 570 RUI 2008 |p 4671465 |r 2025-04-22 |w 2019-11-22 |y BK |k EXP | ||